La resurrección del Hijo de Dios. Los orígenes cristianos y la cuestión de Dios.
Zapisane w:
| 1. autor: | |
|---|---|
| Kolejni autorzy: | , , |
| Format: | Nieznany |
| Język: | angielski |
| Wydane: |
Navarra, España:
Verbo Divino (EVD),
2008.
|
| Hasła przedmiotowe: | |
| Etykiety: |
Dodaj etykietę
Nie ma etykietki, Dołącz pierwszą etykiete!
|
MARC
| LEADER | 00000 a2200000 4500 | ||
|---|---|---|---|
| 003 | CL-VaPUC | ||
| 005 | 20231123122236.0 | ||
| 008 | 231114t2008 ||||| |||| 00| 0 eng d | ||
| 999 | |c 442346 |d 442344 | ||
| 020 | |a 978-84-8169-801-5 | ||
| 040 | |c Pontificia Universidad Católica de Valparaíso | ||
| 082 | |2 22 |a 232.97 WRI 2008 | ||
| 100 | |a Wright, N. T. |9 885642 |e autor | ||
| 245 | |a La resurrección del Hijo de Dios. |b Los orígenes cristianos y la cuestión de Dios. | ||
| 260 | |a Navarra, España: |b Verbo Divino (EVD), |c 2008. | ||
| 300 | |a 999 páginas. | ||
| 583 | |k GC |c 20231114 | ||
| 600 | 0 | |9 481811 |a Jesucristo |x Análisis histórico | |
| 650 | 0 | |9 314391 |a Resurrección de Jesús |x Cristianismo |v Análisis crítico y bíblico | |
| 700 | |9 885826 |a Tosaus Abadía, José Pedro |e traducción | ||
| 700 | |9 885827 |a Millán Risco, Ana |e colaboración | ||
| 700 | |9 885828 |a Millán Risco, Beatriz |e colaboración | ||
| 942 | |2 ddc |c BK | ||
| 952 | |0 0 |1 0 |2 ddc |4 0 |6 232_970000000000000_WRI_2008 |7 0 |8 A |9 592387 |a BIBTEO |b BIBTEO |c GEN |d 2023-11-10 |e 8 |g 75600.00 |i 5659418 |o 232.97 WRI 2008 |p 5659418 |r 2025-01-17 |t 1 |v 75600.00 |w 2023-11-10 |y BK |k ICR | ||